[Event "IND-ch U17 Girls 34th"]
[Site "Chandigarh"]
[Date "2024.07.16"]
[Round "2"]
[White "Nivedita, VC."]
[Black "Aadhya, Jain"]
[Result "1-0"]
[WhiteElo "1877"]
[BlackElo "1682"]
[PlyCount "81"]
[EventDate "2024.07.15"]
[EventType "swiss"]
[EventRounds "11"]
[EventCountry "IND"]
[SourceTitle "CBM 221 Extra"]
[Source "ChessBase"]
[SourceDate "2024.09.30"]
[SourceVersion "1"]
[SourceVersionDate "2024.09.30"]
[SourceQuality "1"]

1. d4 d5 2. c4 e6 3. Nf3 Nf6 4. g3 Be7 5. Bg2 0-0 6. 0-0 Ne4 7. b3 c6 8. Ba3 f5 9. Qc1 Nd7 10. Bxe7 Qxe7 11. Na3 Ndf6 12. Nc2 Bd7 13. Nce1 Be8 14. Nd3 Bh5 15. Nde5 Nd7 16. Nxd7 Qxd7 17. Ne5 Qe7 18. f3 Nd6 19. Qd2 Nf7 20. Nd3 Nd6 21. c5 Nb5 22. Ne5 Rad8 23. a4 Nc7 24. b4 Be8 25. Rfe1 Qf6 26. e3 a6 27. Bf1 Kh8 28. Reb1 Rc8 29. Bd3 Qg5 30. Qe2 Qd8 31. Kf2 Kg8 32. Rg1 h5 33. f4 g5 34. h3 Kh8 35. Nf3 g4 36. hxg4 fxg4 37. Ne5 Qg5 38. Rh1 Kg8 39. Rh4 Qf6 40. Rah1 Qg7 41. Nxg4 1-0

[Event "IND-ch (Women) 49th"]
[Site "Ahmedabad"]
[Date "2023.06.30"]
[Round "1"]
[White "Saranya, J."]
[Black "Aadhya, Jain"]
[Result "1-0"]
[WhiteElo "2050"]
[BlackElo "1336"]
[PlyCount "123"]
[EventDate "2023.06.30"]
[EventType "swiss"]
[EventRounds "11"]
[EventCountry "IND"]
[SourceTitle "CBM 215 Extra"]
[Source "ChessBase"]
[SourceDate "2023.09.30"]
[SourceVersion "1"]
[SourceVersionDate "2023.09.30"]
[SourceQuality "1"]

1. e4 e5 2. Nf3 Nc6 3. Bc4 Bc5 4. d3 d6 5. 0-0 Nf6 6. c3 0-0 7. Nbd2 a6 8. Bb3 Ba7 9. h3 Ne7 10. Re1 Ng6 11. Nf1 h6 12. Ng3 Be6 13. d4 Re8 14. Bc2 c6 15. Nf5 exd4 16. N5xd4 Bc8 17. a4 Qc7 18. c4 Ne5 19. b3 Bxd4 20. Nxd4 c5 21. Ne2 Bd7 22. Bb2 Bc6 23. Nc3 Ng6 24. Qd2 Rad8 25. Re3 Qd7 26. Rae1 Re7 27. Nd5 Bxd5 28. Bxf6 gxf6 29. exd5 Rde8 30. Bxg6 fxg6 31. Rxe7 Rxe7 32. Rxe7 Qxe7 33. Qxh6 Qe1+ 34. Kh2 Qe5+ 35. g3 Qf5 36. Qe3 Kf7 37. Kg2 Kf8 38. Qf3 Qe5 39. Qd3 Kf7 40. Qe3 Qf5 41. g4 Qc8 42. Kg3 a5 43. Qf4 Qd8 44. h4 b6 45. Qe4 Kg7 46. h5 f5 47. Qe6 gxh5 48. Qxf5 hxg4 49. Kxg4 Qe8 50. Qg5+ Kf8 51. Qf6+ Kg8 52. Qe6+ Qxe6+ 53. dxe6 Kg7 54. Kf5 d5 55. cxd5 b5 56. d6 c4 57. d7 cxb3 58. d8Q b2 59. Qf6+ Kh7 60. Qf7+ Kh8 61. Kf6 b1Q 62. Qg7# 1-0

[Event "IND-ch U15 Girls 38th"]
[Site "New Delhi"]
[Date "2022.12.05"]
[Round "10"]
[White "Shybi, Binoj"]
[Black "Aadhya, Jain"]
[Result "1-0"]
[WhiteElo "1498"]
[BlackElo "1342"]
[PlyCount "97"]
[EventDate "2022.11.28"]
[EventType "swiss"]
[EventRounds "11"]
[EventCountry "IND"]
[SourceTitle "CBM 211 Extra"]
[Source "ChessBase"]
[SourceDate "2023.01.31"]
[SourceVersion "1"]
[SourceVersionDate "2023.01.31"]
[SourceQuality "1"]

1. e4 e5 2. Nf3 Nc6 3. Nc3 Nf6 4. Bb5 Bb4 5. d3 0-0 6. 0-0 d6 7. h3 Ne7 8. Bg5 c6 9. Bxf6 gxf6 10. Ba4 Be6 11. Ne2 Ng6 12. Nh2 Qc8 13. f4 b5 14. Bb3 Bc5+ 15. Kh1 Bxb3 16. axb3 Be3 17. Ng4 Bxf4 18. Nxf6+ Kh8 19. Nxf4 Nxf4 20. Rxf4 Kg7 21. Rf2 Rh8 22. Qh5 h6 23. Ng4 Qd7 24. Raf1 Raf8 25. Rf6 Rh7 26. Rxh6 Rfh8 27. Rxh7+ Rxh7 28. Qxh7+ Kxh7 29. Nf6+ Kg6 30. Nxd7 Kg7 31. Rf6 d5 32. Rxc6 dxe4 33. dxe4 a5 34. Nxe5 a4 35. Nxf7 a3 36. bxa3 Kxf7 37. a4 bxa4 38. bxa4 Ke7 39. a5 Kd7 40. Rb6 Kc7 41. h4 Kd7 42. h5 Ke7 43. h6 Kf7 44. a6 Kg8 45. a7 Kh7 46. Rc6 Kg8 47. a8Q+ Kh7 48. Qb7+ Kh8 49. Rc8# 1-0

[Event "IND-ch U12 Girls"]
[Site "Srinivasapura"]
[Date "2022.04.11"]
[Round "5"]
[White "Aadhya, Jain"]
[Black "Kalyani, Sirin"]
[Result "1/2-1/2"]
[WhiteElo "1234"]
[BlackElo "1434"]
[PlyCount "111"]
[EventDate "2022.04.09"]
[EventType "swiss"]
[EventRounds "11"]
[EventCountry "IND"]
[SourceTitle "EXT 2023"]
[Source "ChessBase"]
[SourceDate "2022.10.05"]
[SourceVersion "1"]
[SourceVersionDate "2022.10.05"]
[SourceQuality "1"]

1. e4 e5 2. Nf3 Nc6 3. c3 Nf6 4. d4 exd4 5. e5 Nd5 6. cxd4 Bb4+ 7. Bd2 Bxd2+ 8. Qxd2 0-0 9. Bd3 d6 10. exd6 Re8+ 11. Be2 Qxd6 12. 0-0 Nf4 13. Bc4 Bg4 14. Bxf7+ Kxf7 15. Ne5+ Nxe5 16. Qxf4+ Qf6 17. Qxf6+ Kxf6 18. dxe5+ Rxe5 19. Nc3 Rd8 20. f3 Bf5 21. Rad1 Rxd1 22. Rxd1 c6 23. Kf2 h5 24. h3 g5 25. g4 Bg6 26. Rd6+ Re6 27. Rxe6+ Kxe6 28. gxh5 Bxh5 29. Ne4 Kf5 30. Ke3 b6 31. Nd6+ Ke5 32. Ne4 Kf5 33. b4 c5 34. bxc5 bxc5 35. Nxc5 Bf7 36. a4 a5 37. Nb7 Bb3 38. Nxa5 Bxa4 39. Nc4 Bd7 40. Nd6+ Ke5 41. Ne4 Bxh3 42. Nxg5 Bf5 43. Nf7+ Kf6 44. Kf4 Bb1 45. Nh6 Bc2 46. Ng4+ Kg6 47. Ne3 Ba4 48. Ke5 Bc6 49. f4 Bd7 50. Nd5 Kf7 51. Ne3 Be6 52. Nf5 Bd7 53. Nh6+ Kg7 54. Kd6 Bh3 55. f5 Bxf5 56. Nxf5+ 1/2-1/2

[Event "IND-ch U12 Girls"]
[Site "Srinivasapura"]
[Date "2022.04.10"]
[Round "4"]
[White "Shubhi, Gupta"]
[Black "Aadhya, Jain"]
[Result "0-1"]
[WhiteElo "1610"]
[BlackElo "1234"]
[PlyCount "140"]
[EventDate "2022.04.09"]
[EventType "swiss"]
[EventRounds "11"]
[EventCountry "IND"]
[SourceTitle "EXT 2023"]
[Source "ChessBase"]
[SourceDate "2022.10.05"]
[SourceVersion "1"]
[SourceVersionDate "2022.10.05"]
[SourceQuality "1"]

1. d4 d5 2. c4 e6 3. Nc3 f5 4. Nf3 Nf6 5. Bf4 c6 6. e3 Be7 7. Rc1 0-0 8. Bd3 Ne4 9. 0-0 Nd7 10. Ne5 Bf6 11. Qe2 Nxe5 12. Bxe5 Bxe5 13. dxe5 Qg5 14. f4 Qg6 15. Bxe4 fxe4 16. Kh1 Bd7 17. Rcd1 Rad8 18. Rg1 Bc8 19. cxd5 exd5 20. g4 Qe6 21. Qg2 b6 22. Qg3 Rde8 23. Ne2 c5 24. Nc3 Bb7 25. Nb5 Re7 26. Nd6 Ba6 27. Rd2 Bd3 28. b3 d4 29. h3 Qd5 30. Kh2 a6 31. Re1 b5 32. Qh4 Rd7 33. Nf5 Qe6 34. Qg3 Kh8 35. Nd6 Qd5 36. f5 Rfd8 37. Rxd3 exd3 38. e4 Qc6 39. Qxd3 Rxd6 40. exd6 Qxd6+ 41. e5 Qc7 42. Qg3 c4 43. bxc4 bxc4 44. g5 d3 45. Rd1 c3 46. Rxd3 Rxd3 47. Qxd3 c2 48. Qa3 Qxe5+ 49. Kg2 Qxf5 50. Qe3 Qd5+ 51. Kf2 Qc6 52. Qc1 h6 53. h4 hxg5 54. hxg5 Kh7 55. Ke2 Kg6 56. Kd3 Qd5+ 57. Kxc2 Qc4+ 58. Kd2 Qxc1+ 59. Kxc1 Kxg5 60. Kd2 Kf4 61. Ke2 Kg3 62. Kf1 Kh2 63. Kf2 g5 64. Kf3 Kh3 65. Kf2 g4 66. Kg1 Kg3 67. Kh1 Kf2 68. a3 g3 69. a4 g2+ 70. Kh2 g1Q+ 0-1

[Event "IND-ch U16 Girls"]
[Site "New Delhi"]
[Date "2022.03.07"]
[Round "7"]
[White "Vakcheri, Mohitha"]
[Black "Aadhya, Jain"]
[Result "1-0"]
[WhiteElo "1459"]
[BlackElo "1128"]
[PlyCount "114"]
[EventDate "2022.03.04"]
[EventType "swiss"]
[EventRounds "9"]
[EventCountry "IND"]
[SourceTitle "CBM 207 Extra"]
[Source "ChessBase"]
[SourceDate "2022.05.31"]
[SourceVersion "1"]
[SourceVersionDate "2022.05.31"]
[SourceQuality "1"]

1. d4 d5 2. Nf3 e6 3. e3 f5 4. c4 Nf6 5. Nc3 c6 6. Bd3 Bd6 7. 0-0 0-0 8. cxd5 exd5 9. Ne5 Ne4 10. f3 Nxc3 11. bxc3 Bxe5 12. dxe5 Qe7 13. f4 Nd7 14. c4 b6 15. cxd5 cxd5 16. Bxf5 Bb7 17. Bxd7 Qxd7 18. Ba3 Rf7 19. Qd4 Ba6 20. Rfd1 Rd8 21. Bd6 Bc4 22. Rd2 Qe6 23. Rf2 Rf5 24. g4 Qg6 25. Rg2 Rf7 26. f5 Qg5 27. e6 Rxd6 28. exf7+ Kxf7 29. Qe5 Qf6 30. Qxf6+ Kxf6 31. Rd1 Ke5 32. Rd4 Rc6 33. Rgd2 g6 34. fxg6 Rxg6 35. h3 Rh6 36. Kg2 Rf6 37. Rf2 Rxf2+ 38. Kxf2 b5 39. a3 a5 40. Kf3 b4 41. axb4 axb4 42. Rd1 b3 43. h4 Bb5 44. Rd2 Bc6 45. Rd4 Bb5 46. Rb4 Bc4 47. h5 Kd6 48. g5 Kc5 49. Rb8 d4 50. exd4+ Kxd4 51. g6 Bd5+ 52. Kf4 hxg6 53. h6 Be4 54. Rb4+ Kd3 55. Rxb3+ Kc4 56. Kxe4 Kxb3 57. h7 Kb2 1-0